Die With A Smile - Lady Gaga & Bruno Mars - All Lyrics - Statistics

General Stats
  • This quiz has been taken 1,820 times
    1,655 since last reset
  • The average score is 248 of 292
Answer Stats
Answer % Correct
a
99%
I,
99%
I
99%
Oh,
99%
oh
99%
Ooh,
99%
ooh,
99%
ooh
99%
you
98%
the
96%
to
96%
and
94%
And
94%
be
93%
If
93%
die
92%
smile
92%
with
92%
world
92%
just
91%
next
91%
Next
91%
wanna
91%
was
91%
ending
90%
go,
86%
it
86%
for
85%
Where
85%
where
85%
do
84%
dream
84%
from
84%
over
84%
up
84%
last
83%
me
83%
hold
82%
woke
82%
I'd
81%
party
81%
that
81%
don't
80%
while
80%
like
79%
Like
79%
love
79%
follow
78%
it's
78%
what
78%
know
77%
mean
77%
night
77%
say
77%
time
77%
tomorrow
77%
had
76%
I'ma
76%
on
76%
goodbye
75%
all
74%
So
74%
that's
74%
I'll
73%
means
71%
our
70%
Wherever
70%
Nobody's
69%
we
69%
But
68%
Earth
68%
promised
68%
through
67%
this
66%
every
65%
anymore
63%
in
63%
realized
62%
since
62%
survived,
57%
lost,
55%
lost
55%
'Cause
51%
even
49%
fighting
49%
words
49%
already
47%
only
44%
Right
44%
worth
40%
love's
34%
scream
33%
war
22%
No matching quizzes found
Score Distribution
Percent of People with Each Score
Percentile by Number Answered
Your Score History
You have not taken this quiz since the last reset